| 000 | 00951nas1a22003251 4500 | ||
|---|---|---|---|
| 001 | RU\NLR\BIBL_A\022770868 | ||
| 005 | 20260414094720.0 | ||
| 035 | _a(NLR Aleph) 022770868 | ||
| 090 |
_a13649164 _c13649164 |
||
| 100 | _a20260420 rusy50 | ||
| 101 | 0 | _arus | |
| 102 | _aRU | ||
| 110 | _azkuzz 0|y| | ||
| 181 | 0 |
_ai _baxxe |
|
| 182 | 0 | _an | |
| 200 | 1 | _aЕрмак | |
| 203 |
_aТекст _bвизуальный _cнепосредственный |
||
| 210 |
_aВологда _cРодники _d2025 - |
||
| 606 | 1 |
_aПатриотизм _jПериодические издания _xв художественной литературе _92370567 _3RU\NLR\AUTH\6601636712 |
|
| 686 | 2 | _aШ6(2=Р)8-94 | |
| 686 | 2 | _aШ6(2=Р)8-999 | |
| 686 | 2 | _aШ4я53 | |
| 852 |
_aNLR _jП34/2613 |
||
| 942 | _cSE | ||
| 980 | _aRUSPER | ||
| 980 | _aNB | ||